000 00317nam a22001337a 4500
040 _cNUST
082 _a670.42
_bSWI
245 _aProcess Selection :
_bFrom design to manufacture /
_cK. G. Swift
250 _aSecond edition
260 _aUK
_bElsevier
_c2003.
300 _a316p.
521 _bHB
942 _2ddc
_cBK
999 _c606808
_d606808